000 00690nam a2200193Ia 4500
008 151121s9999||||xx |||||||||||||| ||und||
082 _a920/ठिगळे
082 _bHNW-20922
100 _aठिगळे श्री। मा।
245 _aमाझे आवडते शिक्षक
260 _b"जगताप- कारले प्रकाशन, पुणे।"
260 _c--
300 _a104
600 _aठिगळे श्री। मा।
630 _aमाझे आवडते शिक्षक
700 _aठिगळे श्री। मा।
730 _aमाझे आवडते शिक्षक
942 _cBOOK
999 _c1221313
_d1221310